00881nam a22002297a 4500003000900000005001700009007000300026008004100029020001500070040002500085082002500110100003000135245014100165264007900306300002800385504003000413546003600443600005700479650003700536650003500573700004300608DO-SdBNP20251106085533.0ta220721b1996 |||aoc|| |||| 00| 0dspa d a0965000508 aDO-SdBNPbspacBNPHU 4a759.97295bM647p2221 aMiller, Jeannette,d1944-10aLa pintura de Noemí Ruíz y la poesía visual del trópico /cJeannette Miller; traducción al inglés por Eneid Routté Gómez aSan Juan, Puerto Rico : bUniversidad Interamericana de Puerto Ricoc1996. a164 p. : bil.; c28 cm aBibliografía: p. 157.  aTexto en español e inglés.10aRuiz, Noemí d1931-xCrítica e interpretación. 7aPintores puertorriqueños2LEMB 7aPintura puertorriqueña2LEMB1 aRoutté Gómez, Eneid etraducción